Historias de las mujeres en España y América Latina
Guardat en:
| Autors principals: | , , , , |
|---|---|
| Format: | Llibre |
| Idioma: | espanyol |
| Publicat: |
Madrid, España
Cátedra
2006
|
| Edició: | Segunda edición |
| Col·lecció: | Historia-Serie Menor
|
| Matèries: | |
| Accés en línia: | Disponible Online T.4 Parte IX pp.557-598 |
| Etiquetes: |
Afegir etiqueta
Sense etiquetes, Sigues el primer a etiquetar aquest registre!
|
MARC
| LEADER | 00000nam a2200000 a 4500 | ||
|---|---|---|---|
| 001 | UCI4075 | ||
| 003 | CL-VaPUC | ||
| 005 | 20220401122053.0 | ||
| 008 | 071221e20060000SP |||||||||||||||||spa|d | ||
| 999 | |c 328069 |d 328067 | ||
| 020 | |a 843762259X | ||
| 040 | |c Pontificia Universidad Católica de Valparaíso | ||
| 082 | 0 | 4 | |a 305.4 MOR 2006 |2 21 |
| 100 | |a Morant, Isabel |e autora |9 525714 | ||
| 245 | 1 | 0 | |a Historias de las mujeres en España y América Latina |
| 250 | |a Segunda edición | ||
| 260 | |a Madrid, España |b Cátedra |c 2006 | ||
| 300 | |a 4 volúmenes | ||
| 490 | 0 | |a Historia-Serie Menor | |
| 500 | |a v.1: De la prehistoria a la edad media | ||
| 500 | |a v.2: El mundo moderno | ||
| 500 | |a v.3: Del siglo XIX a los umbrales del XX | ||
| 500 | |a v.4: Del siglo XX a los umbrales del XXI | ||
| 583 | |a last modification |c 20071221 00:00:00 |k Rodrigo Vera | ||
| 650 | 7 | |a MUJERES |2 CL-VaPUC |9 319594 |z ESPAÑA |z AMERICA LATINA | |
| 700 | 0 | |a Querol, María A |e author |9 525715 | |
| 700 | 0 | |a Martínez, C |e author |9 525716 | |
| 700 | 0 | |a Pastor, R |e author |9 525717 | |
| 700 | 0 | |a Lavrin, A |e author |9 525718 | |
| 856 | |u http://bibliografiadigital.pucv.cl.pucv.idm.oclc.org/index.php/bibliotecapucv/catalog/book/257 |y Disponible Online T.4 Parte IX pp.557-598 | ||
| 942 | |c BK |2 ddc | ||
| 945 | |d 20071221 00:00:00 |a rbrito | ||
| 952 | |0 0 |1 0 |2 ddc |4 0 |6 305_400000000000000_MOR_2006 |7 0 |8 A |9 411796 |a BIBHIS |b BIBHIS |d 2019-11-22 |h v.1 |i 439786K |l 1 |o 305.4 MOR 2006 |p 439786K |r 2025-01-20 |s 2023-04-25 |t 1 |w 2019-11-22 |y BK |k HIS | ||
| 952 | |0 0 |1 0 |2 ddc |4 0 |6 305_400000000000000_MOR_2006 |7 0 |8 A |9 411797 |a BIBHIS |b BIBHIS |d 2019-11-22 |h v.2 |i 4397878 |o 305.4 MOR 2006 |p 4397878 |r 2025-01-20 |t 1 |w 2019-11-22 |y BK |k HIS | ||
| 952 | |0 0 |1 0 |2 ddc |4 0 |6 305_400000000000000_MOR_2006 |7 0 |8 A |9 411798 |a BIBHIS |b BIBHIS |d 2019-11-22 |h v.3 |i 4397886 |l 1 |o 305.4 MOR 2006 |p 4397886 |r 2025-01-20 |s 2021-03-02 |t 1 |w 2019-11-22 |y BK |k HIS | ||
| 952 | |0 0 |1 0 |2 ddc |4 0 |6 305_400000000000000_MOR_2006 |7 0 |8 A |9 411799 |a BIBHIS |b BIBHIS |d 2019-11-22 |h v.4 |i 4397894 |l 6 |o 305.4 MOR 2006 |p 4397894 |q 2025-06-04 |r 2025-05-05 |s 2025-05-05 |t 1 |w 2019-11-22 |y BK |k HIS | ||